Normal view
MARC view
- Pharmacy
Entry Topical Term
001 - CONTROL NUMBER
- control field: 39593
003 - CONTROL NUMBER IDENTIFIER
- control field: OSt
005 - DATE AND TIME OF LATEST TRANSACTION
- control field: 20160320120809.0
008 - FIXED-LENGTH DATA ELEMENTS
- fixed length control field: 160320|| aca||babn | a|a d
040 ## - CATALOGING SOURCE
- Original cataloging agency: OSt
150 ## - HEADING--TOPICAL TERM
- Topical term or geographic name as entry element: Pharmacy
- General subdivision: Law and legislation
450 ## - SEE FROM TRACING--TOPICAL TERM
- Topical term or geographic name entry element: Pharmacy
- General subdivision: Laws and legislation
450 ## - SEE FROM TRACING--TOPICAL TERM
- Topical term or geographic name entry element: Pharmaceutical industry
- General subdivision: Law and legislation
550 ## - SEE ALSO FROM TRACING--TOPICAL TERM
- Topical term or geographic name entry element: Pharmaceutical policy
550 ## - SEE ALSO FROM TRACING--TOPICAL TERM
- Topical term or geographic name entry element: Narcotic laws